000 01863cam a2200421 a 4500
003 CHAP
005 20220329142122.0
008 990817d1998 mx a r 00110 spa d
010 _a78736
011 _a79708
035 _a90101
040 _cCHAP
082 0 4 _a301.35
_bM53
100 0 0 _aMijangos Leal, Miguel Angel.
_975635
245 1 3 _aLa investigación-desarrollo en San Nicolás Zoyatlán, Montaña de Guerrero :
_banálisis y reflexión de la experiencia del PAIR en el trabajo comunitario
_c/por Miguel Angel Mijangos Leal, Teresita Arias Chalico y Rubén Piña Chávez
260 _aMéxico, D.F. :
_bRed de Gestión de Recursos Naturales Fundación Rockefeller,
_c1998.
300 _a114 p. :
_bilus.
410 _aRed de Gestión de Recursos Naturales
490 0 _aEstudios de caso sobre participación campesina en generación, validación y transferencia de tecnología
590 _aBATCH-UPD
_b10
_c20130110
_lUCH01
_h0411
590 _aBATCH-UPD
_b10
_c20130110
_lUCH01
_h2005
590 _aBATCH-UPD
_b10
_c20130410
_lUCH01
_h0046
590 _aBATCH-UPD
_b10
_c20130410
_lUCH01
_h1532
590 _aBATCH-UPD
_b10
_c20130914
_lUCH01
_h0355
590 _aBATCH-UPD
_b10
_c20130914
_lUCH01
_h2143
590 _aCONVERSION
_b10
_c20130109
_lUCH01
_h1344
650 1 4 _aCampesinado
_xGuerrero.
_918017
650 1 4 _aDesarrollo de la comunidad rural
_zGuerrero.
_932037
650 1 4 _aGuerrero
_xCondiciones rurales.
_951180
700 0 _aArias Chalico, Teresita.
_97044
700 0 _aPiña Chávez, Rubén.
_988437
810 0 0 _aRed de Gestión de Recursos Naturales
_995346
830 0 0 _aEstudios de caso sobre participación campesina en generación, validación y transferencia de tecnología
_938519
901 _aBK
905 _aBlanca M. García O.
942 _cLIBRO
949 _a301.35 M53
_bBC
_cLIBRO
_d33724000736369
_eLIBRO
_h96119
_i90101
_sb
999 _c78736
_d78736